[Event "2. Bundesliga West 2017/18"]
[Site "Hotel Servus Europa"]
[Date "2018.03.11"]
[Round "11"]
[Board "6"]
[White "Poettinger, Harald"]
[Black "Kruckenhauser, Arthur"]
[Result "1/2-1/2"]
[WhiteElo "2198"]
[BlackElo "1990"]
[PlyCount "60"]
[EventDate "2017.10.13"]
[EventType "team"]
[EventRounds "11"]
[EventCountry "AUT"]
[WhiteTeam "Bregenz"]
[BlackTeam "Kufstein/Woergl"]

1. d4 Nf6 2. Bf4 d5 3. e3 c5 4. c3 Nc6 5. Nd2 e6 6. Ngf3 cxd4 7. exd4 Nh5 8.
Be3 Bd6 9. Ne5 g6 10. f4 f6 11. Nd3 Qc7 12. g3 O-O 13. Be2 Ng7 14. Nf3 Nf5 15.
Bf2 b6 16. Qd2 Ba6 17. O-O Na5 18. b3 Rac8 19. Rac1 Ba3 20. Rc2 Nd6 21. Be1
Rfe8 22. Qe3 Nc6 23. Bd1 Nf5 24. Qd2 Qf7 25. Rf2 Nd6 26. Qe3 Ne7 27. g4 Ne4 28.
Rg2 Bd6 29. Nf2 Bb7 30. Nd3 Ba6  1/2-1/2

[Event "2. Bundesliga West 2017/18"]
[Site "Hotel Servus Europa"]
[Date "2018.03.11"]
[Round "11"]
[Board "1"]
[White "Krivoborodov, Egor"]
[Black "Breder, Dennis"]
[Result "1/2-1/2"]
[WhiteElo "2542"]
[BlackElo "2474"]
[PlyCount "49"]
[EventDate "2017.10.13"]
[EventType "team"]
[EventRounds "11"]
[EventCountry "AUT"]
[WhiteTeam "ASK Salzburg"]
[BlackTeam "Hohenems II"]

1. Nf3 c5 2. g3 g6 3. Bg2 Bg7 4. c4 Nc6 5. O-O e6 6. Nc3 Nge7 7. e3 O-O 8. d4
b6 9. b3 d5 10. cxd5 exd5 11. Ba3 Bg4 12. h3 cxd4 13. exd4 Bxf3 14. Qxf3 Nxd4
15. Qd3 Rc8 16. Rac1 Re8 17. Kh1 Qd7 18. Rfe1 h5 19. Kh2 Qf5 20. Qxf5 Nexf5 21.
Nxd5 Rxe1 22. Rxc8+ Kh7 23. Bc1 Nd6 24. Rc7 Re2 25. Bf4 {40 moves}  1/2-1/2

[Event "2. Bundesliga West 2017/18"]
[Site "Hotel Servus Europa"]
[Date "2018.03.11"]
[Round "11"]
[Board "2"]
[White "Berchtenbreiter, Maximilian"]
[Black "Frank, Emanuel"]
[Result "1-0"]
[WhiteElo "2377"]
[BlackElo "2165"]
[PlyCount "59"]
[EventDate "2017.10.13"]
[EventType "team"]
[EventRounds "11"]
[EventCountry "AUT"]
[WhiteTeam "Hohenems II"]
[BlackTeam "ASK Salzburg"]

1. e4 e5 2. Nf3 Nc6 3. Bc4 d6 4. c3 g6 5. h3 Bg7 6. O-O Nf6 7. Re1 O-O 8. d4
Qe7 9. a4 a5 10. Nbd2 Nh5 11. Nf1 h6 12. Ne3 Nf4 13. Nd5 Nxd5 14. exd5 Nb8 15.
dxe5 dxe5 16. b3 Re8 17. Ra2 Nd7 18. Ba3 Qd8 19. Rae2 b6 20. Nd4 Ba6 21. Nc6
Qg5 22. Bxa6 Rxa6 23. d6 cxd6 24. Qxd6 Nf6 25. Rxe5 Raa8 26. Rxe8+ Nxe8 27. Qd7
Nf6 28. Qb7 Rf8 29. Bxf8 Bxf8 30. Ne5  1-0

[Event "2. Bundesliga West 2017/18"]
[Site "Hotel Servus Europa"]
[Date "2018.03.11"]
[Round "11"]
[Board "3"]
[White "Besner, Bernhard"]
[Black "Burschowsky, Matthias"]
[Result "1/2-1/2"]
[WhiteElo "2157"]
[BlackElo "2191"]
[PlyCount "78"]
[EventDate "2017.10.13"]
[EventType "team"]
[EventRounds "11"]
[EventCountry "AUT"]
[WhiteTeam "ASK Salzburg"]
[BlackTeam "Hohenems II"]

1. e4 c5 2. c3 g6 3. d4 cxd4 4. cxd4 d5 5. e5 Nc6 6. Nc3 Bg7 7. Bb5 e6 8. Nf3
Bd7 9. O-O Qb6 10. Be3 Nge7 11. Qd2 O-O 12. b3 Nf5 13. Bxc6 Bxc6 14. Bg5 f6 15.
exf6 Bxf6 16. Bxf6 Rxf6 17. Rfe1 Raf8 18. Re2 Bb5 19. Nxb5 Qxb5 20. Rae1 Ng7
21. Qh6 Nf5 22. Qh3 Qd3 23. Qg4 h5 24. Qf4 Nxd4 25. Qxd4 Rxf3 26. Qxa7 R3f6 27.
Qxb7 Qd4 28. Rf1 Qd3 29. Rb2 Qc3 30. Re2 Qd3 31. Rfe1 Qd4 32. Qc6 Rxf2 33.
Qxe6+ Kh7 34. Qe3 Qxe3 35. Rxe3 Rxa2 36. R3e2 Ra3 37. Rb1 Rb8 38. b4 Rb5 39.
Rd2 Kg7  1/2-1/2

[Event "2. Bundesliga West 2017/18"]
[Site "Hotel Servus Europa"]
[Date "2018.03.11"]
[Round "11"]
[Board "4"]
[White "Atlas, Dmitry"]
[Black "Juergens, Klaus"]
[Result "1-0"]
[WhiteElo "2174"]
[BlackElo "2102"]
[PlyCount "69"]
[EventDate "2017.10.13"]
[EventType "team"]
[EventRounds "11"]
[EventCountry "AUT"]
[WhiteTeam "Hohenems II"]
[BlackTeam "ASK Salzburg"]

1. e4 g6 2. d4 Bg7 3. Nc3 d6 4. Be3 Nf6 5. f3 c6 6. a4 Nbd7 7. g4 e5 8. Nge2
Nb6 9. dxe5 dxe5 10. Qxd8+ Kxd8 11. Nc1 Be6 12. Nd3 Nfd7 13. b3 a5 14. Be2 Kc7
15. Nd1 Bf8 16. c4 Bb4+ 17. Nxb4 axb4 18. Nb2 c5 19. Nd3 Kc6 20. f4 f6 21. O-O
Raf8 22. Rfd1 Nc8 23. g5 fxg5 24. Nxe5+ Nxe5 25. fxe5 h6 26. a5 Rd8 27. Rd5 b6
28. axb6 Bxd5 29. cxd5+ Kb7 30. Bxc5 Rhe8 31. Ba6+ Kb8 32. b7 Ne7 33. Bd6+ Rxd6
34. exd6 Ng8 35. Rc1  1-0

[Event "2. Bundesliga West 2017/18"]
[Site "Hotel Servus Europa"]
[Date "2018.03.11"]
[Round "11"]
[Board "5"]
[White "Scheiblmaier, Robert"]
[Black "Hofer, Emilian"]
[Result "1/2-1/2"]
[WhiteElo "2183"]
[BlackElo "2136"]
[PlyCount "63"]
[EventDate "2017.10.13"]
[EventType "team"]
[EventRounds "11"]
[EventCountry "AUT"]
[WhiteTeam "ASK Salzburg"]
[BlackTeam "Hohenems II"]

1. d4 d5 2. c4 c6 3. cxd5 cxd5 4. Nc3 Nf6 5. Bf4 Nc6 6. e3 a6 7. Be2 Bf5 8. Nf3
Rc8 9. O-O e6 10. Rc1 Bd6 11. Bxd6 Qxd6 12. a3 O-O 13. Nh4 Be4 14. f3 Bg6 15.
f4 Ne4 16. Nxe4 Bxe4 17. Qd2 Ne7 18. Nf3 f6 19. Rfd1 Qb6 20. Ne1 Nf5 21. Rxc8
Rxc8 22. Rc1 Rc6 23. Bg4 Ne7 24. Bf3 f5 25. Be2 Nc8 26. Nd3 Bxd3 27. Bxd3 Nd6
28. Rxc6 Qxc6 29. Kf2 Qc7 30. g3 g6 31. Ke1 Kf7 32. Kd1  1/2-1/2

[Event "2. Bundesliga West 2017/18"]
[Site "Hotel Servus Europa"]
[Date "2018.03.11"]
[Round "11"]
[Board "6"]
[White "Uhlmann, David"]
[Black "Herrmann, Michael"]
[Result "1/2-1/2"]
[WhiteElo "2112"]
[BlackElo "2079"]
[PlyCount "62"]
[EventDate "2017.10.13"]
[EventType "team"]
[EventRounds "11"]
[EventCountry "AUT"]
[WhiteTeam "Hohenems II"]
[BlackTeam "ASK Salzburg"]

1. d4 d5 2. c4 c6 3. cxd5 cxd5 4. Nc3 Nc6 5. Bf4 Nf6 6. e3 a6 7. Bd3 g6 8. h3
Bg7 9. Nf3 O-O 10. O-O Nb4 11. Bb1 b5 12. a3 Nc6 13. Bd3 Bb7 14. a4 b4 15. Nb1
Nd7 16. Qb3 e5 17. dxe5 Ndxe5 18. Be2 Qa5 19. Nbd2 Rfd8 20. Nxe5 Nxe5 21. Nf3
Nd7 22. Nd4 Nc5 23. Qd1 Ne6 24. Nb3 Qb6 25. a5 Qc6 26. Rc1 Qd7 27. Nc5 Nxc5 28.
Rxc5 Rac8 29. Rxc8 Rxc8 30. Qb3 Qe7 31. Bg4 Rc4  1/2-1/2